| Tag |
First Indicator |
Second Indicator |
Subfields |
| LEADER |
00000cam a2200000 a 4500 |
| 001 |
in00000091873 |
| 005 |
20151008064038.0 |
| 008 |
811006s1982 nyuaf b 00110 eng |
| 010 |
|
|
|a 81017785
|
| 020 |
|
|
|a 0306408694
|
| 035 |
|
|
|a (OCoLC)07925564
|
| 035 |
|
|
|9 AAK3420AM
|
| 039 |
0 |
|
|a 2
|b 3
|c 3
|d 3
|e 3
|
| 040 |
|
|
|a DLC
|c DLC
|d CUX
|d TXA
|d UtOrBLW
|
| 049 |
|
|
|a TXAM
|c [1361899]
|
| 050 |
0 |
0 |
|a BF575.S75
|b S48
|
| 082 |
0 |
|
|a 158/.1
|2 19
|
| 096 |
|
|
|a WM172 S48 1982
|
| 100 |
1 |
|
|a Shaffer, Martin.
|
| 245 |
1 |
0 |
|a Life after stress /
|c Martin Shaffer.
|
| 264 |
|
1 |
|a New York :
|b Plenum Press,
|c [1982]
|
| 264 |
|
4 |
|c ©1982
|
| 300 |
|
|
|a xv, 273 pages, 8 unnumbered pages of plates :
|b illustrations ;
|c 22 cm.
|
| 336 |
|
|
|a text
|b txt
|2 rdacontent
|
| 337 |
|
|
|a unmediated
|b n
|2 rdamedia
|
| 338 |
|
|
|a volume
|b nc
|2 rdacarrier
|
| 500 |
|
|
|a Includes index.
|
| 504 |
|
|
|a Bibliography: pages 257-266.
|
| 650 |
|
0 |
|a Stress (Psychology)
|
| 650 |
|
0 |
|a Stress (Psychology)
|x Prevention.
|
| 650 |
|
2 |
|a Stress, Psychological.
|
| 999 |
|
|
|a MARS
|
| 999 |
f |
f |
|s e377fadc-fde7-3fe5-b59b-49458a479f80
|i 5c05392e-b00c-30b5-a1d0-ee75aa5e8eb7
|t 0
|
| 952 |
f |
f |
|p ric
|a Texas A&M University
|b Rellis Campus
|c Joint Library Facility
|d Remote Storage
|t 0
|e BF575.S75 S48
|h Library of Congress classification
|i unmediated -- volume
|m A14806087586
|
| 998 |
f |
f |
|a BF575.S75 S48
|t 0
|l Remote Storage
|